000 01631nam a2200253 4500
003 NALT
005 20251031140857.0
008 251027b th ||||| |||| 00| 0 tha d
040 _aNALT
050 _aR 729.5.R87 ภ114ผ 2566
100 0 _aภคมน เจริญสุข.
_966798
245 1 0 _aแผนที่ภูมิปัญญาด้านการแพทย์พื้นบ้านของกลุ่มชาติพันธ์ในล้านนา /
_cภคมน เจริญสุข.
260 _aเชียงใหม่ :
_bมหาวิทยาลัยเชียงใหม่,
_c2566.
300 _a728 หน้า :
_bภาพประกอบ, ตาราง, แผนที่ ;
_c30 ซม.
505 2 _aบทที่ 1 บทนำ -- บทที่ 2 เอกสารและงานวิจัยที่เกี่ยวข้อง -- บทที่ 3 วิธีดำเนินการวิจัย -- บทที่ 4 ผลการวิจัย -- บทที่ 5 สรุปผลการวิจัย อภิปรายผล และข้อเสนอแนะ.
650 4 _aแพทย์แผนโบราณ
_zไทย (ภาคเหนือ)
_966845
650 4 _aแพทย์
_zไทย (ภาคเหนือ)
_966846
650 4 _aการแพทย์ทางเลือก
_921232
942 _2lcc
_cRSH
996 _ajidapa.t
_bACQSTF
_c2025-10-27
996 _avaree.k
_bLIBSTF
_c2025-10-30
996 _ajamriang.p
_bCATSTF
_c2025-10-31
999 _c107411
_d107411
998 _j1020
_k นางจำเรียง ระวังสำโรง